000 00986nam a2200265 a 4500
001 43018
003 BD-RjUL
005 20211209053630.0
008 160618r19611925enkaf b 000 0 eng
035 _a(BD-RjUL)43136
040 _aDLC
_beng
_cMH
_dOCoLC
_dDLC
_dBD-RjU
041 _aeng
082 0 4 _a330.0151
_223
_bFIM 1961
100 1 _aFisher, Irving,
_d1867-1947.
_9132095
245 1 0 _aMathematical investigations in the theory of value and prices /
_cby Irving Fisher.
260 _aNew Haven :
_bYale University Press,
_cc1925 [Reprinted 1961]
300 _aiv, 100 p. :
_bfront., pl., ill. ;
_c24 cm.
500 _a"From Transactions of the Connecticut academy, vol. IX, July, 1892."
500 _a"Read April 27, 1892. This memoir is in substance the writer's thesis for the degree of Ph. D. in Yale university, 1891."
650 0 _aEconomics, Mathematical.
_9132096
650 0 _aValue.
_9119351
650 0 _aPrices.
_9130574
942 _2ddc
_cBK
999 _c43018
_d43018